Statistics for Canada by Picture

Click here to take the quiz!

General Stats

  • This quiz has been taken 7,614 times
    (7,605 since last reset)
  • The average score is 13 of 20

Answer Stats

Answer % Correct
Niagara Falls
96%
Justin Trudeau
88%
CN Tower
85%
Celine Dion
84%
Beaver
84%
RCMP
78%
Québéc
73%
Snowmobile
72%
Lacrosse
71%
Poutine
71%
Mike Myers
68%
Banff National Park
65%
Baffin Island
62%
Montreal Canadiens
57%
Calgary Stampede
55%
Wayne Gretzky
51%
Lake Superior
50%
Whistler
43%
{Parliament} Hill
42%
James Cameron
33%

Score Distribution

Percentile by Number Answered

Percent of People with Each Score

Your Score History

You have not taken this quiz since the last reset